书目信息 |
| 题名: |
化学检验工
|
|
| 作者: | 孔令平 , 孔祥生 编著 | |
| 分册: | ||
| 出版信息: | 北京 化学工业出版社 2012.10 |
|
| 页数: | 343页 | |
| 开本: | 26cm | |
| 丛书名: | ||
| 单 册: | ||
| 中图分类: | TQ075 | |
| 科图分类: | ||
| 主题词: | 化工产品--检验 | |
| 电子资源: | ||
| ISBN: | 978-7-122-15306-7 | |
| 000 | 00972nam0 2200253 45 | |
| 001 | 1355440311 | |
| 005 | 20130513151335.82 | |
| 010 | @a978-7-122-15306-7@dCNY49.00 | |
| 100 | @a20130108d2012 em y0chiy0121 ea | |
| 101 | 0 | @achi |
| 102 | @aCN@b110000 | |
| 105 | @aak a 000yy | |
| 106 | @ar | |
| 200 | 1 | @a化学检验工@AHua Xue Jian Yan Gong@f孔祥生, 孔令平编著@FKong Xiang Sheng , Kong Ling Ping Bian Zhu |
| 210 | @a北京@c化学工业出版社@d2012.10 | |
| 215 | @a343页@c图@d26cm | |
| 320 | @a有书目 | |
| 330 | @a本书的重点介绍化学分析、仪器分析基础和化验工常见问题及其解决办法。习题及其解答主要供学习人员理解掌握基本理论知识; 模拟试题、评分标准及其参考答案和化验工论文撰写指导主要供学习人员了解考试出题类型、方式和论文撰写、答辩以及培训人员出题作参考。 | |
| 606 | 0 | @a化工产品@x检验 |
| 690 | @aTQ075@v5 | |
| 701 | 0 | @a孔令平@AKong Ling Ping@4编著 |
| 701 | 0 | @a孔祥生@AKong Xiang Sheng@4编著 |
| 801 | @aCN@bTANGWEI@c20130111 | |
| 905 | @b0831418-20@dTQ075@e205@f3 | |
| 化学检验工/孔祥生, 孔令平编著.-北京:化学工业出版社,2012.10 |
| 343页:图;26cm |
| ISBN 978-7-122-15306-7:CNY49.00 |
| 本书的重点介绍化学分析、仪器分析基础和化验工常见问题及其解决办法。习题及其解答主要供学习人员理解掌握基本理论知识; 模拟试题、评分标准及其参考答案和化验工论文撰写指导主要供学习人员了解考试出题类型、方式和论文撰写、答辩以及培训人员出题作参考。 |
| ● |
| 相关链接 |
|
|
|
|
正题名:化学检验工
索取号:TQ075/205
 
预约/预借
| 序号 | 登录号 | 条形码 | 馆藏地/架位号 | 状态 | 备注 |
| 1 | 0831418 | 208314180 | 第二样本阅览室/ [索取号:TQ075/205] | 在馆 | |
| 2 | 0831419 | 208314199 | 密集书库-化学系/ [索取号:TQ075/205] | 在馆 | |
| 3 | 0831420 | 208314206 | 第三借阅区/ [索取号:TQ075/205] | 在馆 |